| 000 | 01008nmm a2200349 a 4500 | ||
|---|---|---|---|
| 003 | AR-BaBNM | ||
| 005 | 20251128202714.0 | ||
| 008 | 085020s2004 ||||||||||||||000 | spa|| | ||
| 020 | _a950-892-207-9 | ||
| 040 | _cAR-BaBNM | ||
| 245 | 1 | 0 |
_aLos jóvenes y sus derechos _bsaber para actuar, exigir y denunciar |
| 250 | _a1ª ed. | ||
| 260 |
_aBuenos Aires _bLugar Editorial _c2004 |
||
| 300 | 0 |
_a126 p. _bil., gráf. |
|
| 650 | 4 | _aDERECHOS HUMANOS | |
| 650 | 4 | _aJOVENES | |
| 650 | 4 | _aDERECHOS CIVILES Y POLITICOS | |
| 650 | 4 | _aDERECHOS SOCIALES Y ECONOMICOS | |
| 650 | 4 | _aDERECHO A LA SALUD | |
| 650 | 4 | _aDERECHO A LA EDUCACION | |
| 650 | 4 | _aPARTICIPACION DE LOS JOVENES | |
| 650 | 4 | _aACTIVIDADES DE APRENDIZAJE | |
| 651 | 4 | _aArgentina | |
| 653 | 0 | _aTEMAS TRANSVERSALES | |
| 700 | 1 | _aShalom, Héctor | |
| 700 | 1 | _aChemen, Silvina | |
| 700 | 1 | _aTaber, Beatriz | |
| 700 | 1 | _aBalardini, Sergio | |
| 700 | 1 |
_aFarías, Mónica Silvia _ecoordinador |
|
| 942 | _cBK | ||
| 998 | _cmaria eugenia | ||
| 999 |
_c197 _d197 |
||